Použitie vyčistených odpadových vôd a kalov pre poľnohospodárske účely

Saved in:
Bibliographic Details
Main Author: Miklovičová, Katarína (Author)
Other Authors: Bodík, Igor (Thesis advisor)
Format: Manuscript Book
Language:Slovak
Published: 2019
Subjects:
Online Access:http://is.stuba.sk/zp/portal_zp.pl?podrobnosti=143192
Tags: Add Tag
No Tags, Be the first to tag this record!

MARC

LEADER 00000ntm a22000003a 4500
001 stuzp74298
003 SK-STU
005 20190601211151.6
007 ta
008 150427s2015----xo-----f-mn---000-0-slo-d
040 |a STU  |b slo 
041 0 |a slo 
100 1 |a Miklovičová, Katarína  |u 046290  |k Z4  |4 aut  |U FCHPT Ústav chemického a environmentálneho inžinierstva  |T FCHPT Oddelenie environmentálneho inžinierstva  |X 64273  |U C6290  |Y 120  |7 64273 
242 0 1 |a Application of Treated Wastewater and Sludge for Agricultural Use  |y eng 
245 1 0 |a Použitie vyčistených odpadových vôd a kalov pre poľnohospodárske účely 
260 |c 2019 
650 4 |a odpadové vody  |2 slo 
650 4 |a čistiarenský kal  |2 slo 
650 4 |a liečivá  |2 slo 
650 4 |a závlahy  |2 slo 
650 4 |a pôda  |2 slo 
650 4 |a sludge  |2 eng 
650 4 |a irrigation  |2 eng 
650 4 |a wastewater  |2 eng 
650 4 |a pharmaceuticals  |2 eng 
650 4 |a soil  |2 eng 
700 1 |a Bodík, Igor  |u 046290  |k Z1  |4 ths  |U FCHPT Ústav chemického a environmentálneho inžinierstva  |T FCHPT Oddelenie environmentálneho inžinierstva  |X 3340  |U C6290  |Y 120  |7 A000003340 
856 4 |u http://is.stuba.sk/zp/portal_zp.pl?podrobnosti=143192